| 000 | 01457nam a2200205Ia 4500 | ||
|---|---|---|---|
| 008 | 220216s9999 xx 000 0 und d | ||
| 100 | _aGhosh A K | ||
| 245 | 2 | _aA plant product modified carbon black as a reinforcing filler for rubber | |
| 260 |
_bJournal of polymer materials _c1995 |
||
| 300 | _a285-295 | ||
| 520 | _aA plant product containing long chain substituted phenol (PP) has been used to modify carbon black in the present investigation with an objective to put PP as a flexible bridge between carbon black particles and the polymer to improve its reinforcement behaviour in rubber vulcanizate. Carbon black was treated with PP in presence or absence of aldehyde-ammonia (AA) and free radical donor (FR) separately as a method of modification. Such modified carbon blacks were characterized by gravimetric analysis of extracted samples, ESCA and DPPH reaction followed by evaluation of its bound rubber formation, processing behavior, reinforcement characteristics such as modulus, tensile strength, hardness etc., flex crack growth resistance, abrasion resistance and heat build-up properties in styrene butadiene rubber. The reported results show some positive aspects of reinforcement by the PP modified carbon black. | ||
| 650 | _aAbrasion loss | ||
| 650 | _aBound rubber | ||
| 650 | _aCarbon black modification | ||
| 650 | _aFlex cracking | ||
| 650 | _aHeat build-up | ||
| 700 | _aAdhikari B | ||
| 700 | _aMaiti S | ||
| 942 | _cJS | ||
| 999 |
_c53499 _d53499 |
||